| 000 | 007020000a22002170004500 | ||
|---|---|---|---|
| 090 |
_aAR _b02213 |
||
| 245 | 1 | 0 | _aNotas sobre el género Ardisia swartz en Colombia |
| 650 | 1 | 4 |
_aVegetación _992799 |
| 650 | 1 | 4 |
_aNuevas especies _992905 |
| 650 | 1 | 4 |
_aTaxonomía vegetal _992262 |
| 650 | 1 | 4 |
_aSistemática vegetal _95234 |
| 651 | 4 |
_lParque Nacional Natural Las Orquideas _dRisaralda _pColombia _992749 |
|
| 651 | 4 |
_lBarbacoas _dNariño _pColombia _992749 |
|
| 653 |
_gArdisa _eArdisa cogolli |
||
| 653 |
_gArdisa _eArdisa cabrerae |
||
| 653 |
_gArdisa _eArdisa dodgei |
||
| 041 | 0 | _aEspañol | |
| 100 | 1 |
_aPipoly III, John J. _995334 |
|
| 942 | _cARTICULO | ||
| 773 | 1 |
_tCaldasia _345 _h78 _q277-284 _d1991 _g16 |
|
| 999 |
_c11285 _d11285 |
||